=LDR 00000nam 2200000 4500 =001 INLIS000000000001538 =005 20130612085934 =008 ***********************************Ind** =035 ##$$0010-061300000001538 =041 ##$$a Ind =082 ##$$a 707 =090 ##$$a 707, Nap-p =100 ##$$a SAPSIRUDIN =245 ##$$a Pelajaran pendidikan seni untuk SMU dikembangkan dan disesuaikan dengan kurikulum SMU/ GBPP 1994, Napsirudin =260 ##$$a 2000 $b Jakarta =300 ##$$a ...jil, ilus, 25 cm =650 ##$$a Kesenian =650 ##$$a Studi dan Pengajaran =850 ##$$a NBPNMAT